MARC

LEADER 00000nam0a2200000 4500
001 122871
005 20231031130213.0
035 |a (RuTPU)RU\TPU\book\133017 
090 |a 122871 
100 |a 20071009d1965 km y0rusy50 ca 
101 0 |a rus 
102 |a RU 
105 |a a z 000zy 
200 1 |a Индустриальный монтаж осветительных электроустановок  |f М. С. Живов 
210 |a Москва  |c Энергия  |d 1965  |a Ленинград 
215 |a 96 с.  |c ил. 
225 1 |a Библиотека электромонтера  |v Вып. 165 
610 1 |a электромонтажные работы 
610 1 |a электроосветительные установки 
610 1 |a электроосвещение 
610 1 |a монтаж 
610 1 |a индустриальные методы 
610 1 |a техника безопасности 
675 |a 621.32  |v 3 
700 1 |a Живов  |b М. С.  |g Михаил Семенович 
801 1 |a RU  |b 63413507  |c 20071009  |g PSBO 
801 2 |a RU  |b 63413507  |c 20220511  |g PSBO 
942 |c BK